<?xml version="1.0" encoding="UTF-8"?>
<collection xmlns="http://www.loc.gov/MARC21/slim">
 <record>
  <leader>01178nam a2200169 a 4500</leader>
  <controlfield tag="001">1/30080</controlfield>
  <controlfield tag="008">051005s19971993lu a   g b    00010 gre  </controlfield>
  <datafield tag="020" ind1=" " ind2=" ">
   <subfield code="a">9282785920</subfield>
  </datafield>
  <datafield tag="035" ind1=" " ind2=" ">
   <subfield code="l">32215</subfield>
  </datafield>
  <datafield tag="082" ind1="0" ind2="0">
   <subfield code="a">ΚΕΤ 331.094 ΕΝΑ</subfield>
  </datafield>
  <datafield tag="245" ind1="0" ind2="0">
   <subfield code="a">Ενα πρόγραμμα για τα έτη 1997-2000 :</subfield>
   <subfield code="b">αντιμετώπιση των προκλήσεων της Ευρωπαϊκής κοιννίας /</subfield>
   <subfield code="c">Ευρωπαϊκό Ιδρυμα για τη Βελτίωση των Συνθηκών Διαβίωσης και Εργασίας.</subfield>
  </datafield>
  <datafield tag="260" ind1="0" ind2=" ">
   <subfield code="a">Λουξεμβούργο</subfield>
   <subfield code="b">Υπηρεσία Eπίσμων Eκδόσεων των Eυρωπαϊκών Kοινοτήτων</subfield>
   <subfield code="c">1997</subfield>
  </datafield>
  <datafield tag="300" ind1=" " ind2=" ">
   <subfield code="a">38 σ. :</subfield>
   <subfield code="b">εικ.;</subfield>
   <subfield code="c">30 εκ.</subfield>
  </datafield>
  <datafield tag="650" ind1=" " ind2="4">
   <subfield code="a">Απασχόληση (Οικονομική θεωρία).</subfield>
  </datafield>
  <datafield tag="650" ind1=" " ind2="4">
   <subfield code="a">Εργασία και εργαζόμενοι</subfield>
   <subfield code="z">Ευρωπαϊκή Ένωση, Χώρες της.</subfield>
  </datafield>
  <datafield tag="710" ind1="2" ind2=" ">
   <subfield code="a">Ευρωπαϊκό Ιδρυμα για τη Βελτίωση των Συνθηκών Διαβίωσης και Εργασίας.</subfield>
  </datafield>
  <datafield tag="852" ind1=" " ind2=" ">
   <subfield code="a">INST</subfield>
   <subfield code="b">UNIPILB</subfield>
   <subfield code="c">KET</subfield>
   <subfield code="e">20060512</subfield>
   <subfield code="h">ΚΕΤ 331.094 ΕΝΑ</subfield>
   <subfield code="p">00145324</subfield>
   <subfield code="q">00145324</subfield>
   <subfield code="t">LOAN</subfield>
   <subfield code="y">0</subfield>
   <subfield code="4">1</subfield>
  </datafield>
 </record>
</collection>
